| 000 | 00582nam a2200193 i 4500 | ||
|---|---|---|---|
| 001 | bgj | ||
| 100 | 1 |
_aTHOREAU, Henry David _d(1817-1862). |
|
| 245 | 1 | 0 |
_aThe Selected Journals of Henry David Thoreau / _cedited, with a forword, by Carol Bode. |
| 260 |
_aNew York : _bThe New American Library, _c1967. |
||
| 300 |
_a327, [8] pp : _bmap ; _c18 cm. |
||
| 490 | 1 | _aA Signet Classic | |
| 504 | _aIncludes bibliography. | ||
| 700 | 1 |
_aBODE, Carol. _eed. |
|
| 830 | _aA Signet Classic | ||
| 040 | _cBPK | ||
| 041 | 0 | _aeng | |
| 942 | _cKS | ||
| 008 | s uk f |000 0 eng | ||
| 999 |
_c47952 _d47952 |
||
| 856 |
_uhttp://koha.tu.koszalin.pl/cgi-bin/koha/opac-detail.pl?biblionumber=47952 _yKatalog online BPK |
||